000 01485nam a22002897a 4500
005 2009061804084.0
008 090119t xxu||||| |||| 00| 0hin d
010 _aHIN-86983 B-356882
020 _c225.00
_a8190385658
035 _aHN-59329
035 _a B-356882
037 _bDBAD /PUB
040 _aDPL
_bHN
082 _a363.7
100 _aगर्ग, एन.के.
245 _aपर्यावरण संरक्षण /
_cएन.के. गर्ग
246 _aParyavarana sanrakashan
_bby N.K. Garg
260 _aदिल्ली
_bआयुष पब्लिशिंग हाऊस
_c2007
270 _a1/10825 सुभाष पार्क, गली नं.3, शाहदरा
_bदिल्ली
_e110032
300 _a219 पृ.
_c22सेमी (सजिल्द)
650 _aपर्यावरण नीति
_zभारत
650 _aEnvironmental policy
_zIndia
942 _2ddc
_cHN
_mगर्गए
_h363.7
999 _c27599
_d27599